000 00446nam a2200181Ia 4500
001 8324
005 20260306160601.0
008 260306t2005||||xx |||||||||||||| ||spa||
041 _aESP
082 _a370.155
_bG83 V. 2
100 _aGrupo Océano
_eAUT
245 0 _aCurso práctico de expresión corporal:
_bpsicomotricidad infantil
260 _c2005
300 _a
_c28 cm.
650 _aGEN
654 _aCED
942 _cLIB
_dJUS
_fJUS
_2ddc
_n
999 _c8324
_d8324